000 00710nam a2200241 i 4500
001 129837
003 ES-MaACL
005 20250801083636.0
007 t|
008 070709s1992 fr ||||1| fre d
080 _a326
100 1 _aLengelle, Maurice.
_9181976
245 1 2 _aL'esclavage /
_cMaurice Lengellé.
250 _a6e éd.
260 _aParis :
_bPresses Universitaires de France,
_c[1992]
300 _a127 p. ;
_c18 cm.
490 1 _aQue sais-je?. Collection Encyclopédique ;
_v667
500 _aBiblioteca Jacinto Martínez Lacalle.
650 7 _aEsclavitud
_2embne
_912358
830 0 0 _aQue sais-je?
_v667
_9180931
852 _aES-MaACL
_jE-11851
_bR.139803
999 _c129837
_d129837